Alle Wasser Pokemon 1. Generation - Statistiken

Allgemein
  • Dieses Quiz wurde 92 mal gespielt
  • Das Durchschnittsergebnis liegt bei 27 aus 32
Antwortstatistiken
Antwort % Korrekt
Schiggy
99%
Schillok
99%
Turtok
99%
Garados
91%
Karpador
91%
Starmie
91%
Sterndu
91%
Lapras
90%
Quapsel
88%
Aquana
87%
Goldini
87%
Quappo
87%
Quaputzi
87%
Golking
85%
Tentacha
85%
Tentoxa
85%
Austos
84%
Jugong
84%
Jurob
84%
Muschas
82%
Enton
81%
Seemon
81%
Seeper
81%
Entoron
79%
Lahmus
79%
Flegmon
78%
Amonitas
68%
Amoroso
68%
Kabuto
66%
Kabutops
66%
Kingler
65%
Krabby
65%
Keine übereinstimmenden Quizze gefunden
Verteilung der Resultate
Anzahl Personen mit jedem Resultat
Perzentil nach korrekt beantworteten Fragen
Ihre Resultats-Entwicklung
Sie haben dieses Quiz noch nicht gespielt